| 000 | 00759nam a2200253 i 4500 | ||
|---|---|---|---|
| 001 | bg | ||
| 100 | 1 | _aŁUKASZEWICZ, Paweł | |
| 245 | 1 | 0 |
_aRachunkowość finansowa : _bzbiór zadań / _cPaweł Łukaszewicz ; Wyższa Szkoła Zarządzania w Słupsku. |
| 260 |
_aSłupsk : _bWSZ, _c2003. |
||
| 300 |
_a81 s. ; _c23 cm. |
||
| 504 | _aBibliogr. | ||
| 650 | 9 |
_aPrzedsiębiorstwo _xfinanse |
|
| 650 | 9 | _aRachunkowość | |
| 655 | _aĆwiczenia i zadania dla szkół wyższych | ||
| 710 | 0 | _aWyższa Szkoła Zarządzania (Słupsk) | |
| 015 | _aPB 10785/2003 | ||
| 020 | _a8388473158 | ||
| 040 | _cBPK | ||
| 041 | 0 | _apol | |
| 080 | _a657:658.14/.17](075.8)(076) | ||
| 920 | _a83-88473-15-8 | ||
| 942 | _cKS | ||
| 008 | s pl f |000 0 pol | ||
| 999 |
_c51268 _d51268 |
||
| 856 |
_uhttp://koha.tu.koszalin.pl/cgi-bin/koha/opac-detail.pl?biblionumber=51268 _yKatalog online BPK |
||